Loading...
Fiscal federalism in Indian union
| Main Author: | |
|---|---|
| Format: | Printed Book |
| Language: | English |
| Published: |
New Delhi
Concept Publishing Co.
2003.
|
| Subjects: |
| LEADER | 00528cam a2200169 a 4500 | ||
|---|---|---|---|
| 003 | OSt | ||
| 008 | 030923s2003 ii b 001 0 eng | ||
| 020 | |a 8170229820 | ||
| 080 | |a 342.24 |b UDA | ||
| 100 | 1 | |a Udai Bhan,Singh |9 7325 | |
| 245 | 1 | 0 | |a Fiscal federalism in Indian union |
| 260 | |a New Delhi |b Concept Publishing Co. |c 2003. | ||
| 300 | |a 336 p. | ||
| 653 | |a Federalism-India | ||
| 942 | |c BK |6 _ | ||
| 999 | |c 190349 |d 190349 | ||
| 952 | |0 0 |1 0 |4 0 |6 34224_UDA |7 0 |9 245538 |a SLS |b SLS |d 2009-11-07 |o 342.24 UDA |p SLS024007 |r 2009-11-07 |w 2009-11-07 |y BK | ||